Word Ladder: African Capital Quiz Stats

Quiz Updated Nov 9, 2015

Challenge
Share
Tweet
Embed
Score 0/10 Timer 01:00
0 Plays Today
Hint 4-Letter Word % Correct
Oak, elm, pine, e.g.TREE
99%
Lowest point of the faceCHIN
98.7%
SkinnyTHIN
98.2%
Round, metal piece of currencyCOIN
98.1%
MaizeCORN
97%
At that timeTHEN
96.8%
Unrestrained◄FREE►
96.6%
'You', to ShakespeareTHEE
96.1%
Shredded, rippedTORN
95.8%
Small city◄TOWN►
92%

Today's Daily Dose

Missing Word
Law Misconceptions

Word Ladder
Easy Math

On This Day
January 20th

You're not logged in!

Compare scores with friends on all Sporcle quizzes.
Sign Up with Email
OR
Log In

You Might Also Like...

Show Comments

Extras

Top Quizzes Today


Score Distribution

Your Account Isn't Verified!

In order to create a playlist on Sporcle, you need to verify the email address you used during registration. Go to your Sporcle Settings to finish the process.